Normal view
MARC view
- EXPLORING THE LIFE, EARTH AND PHYSICAL SCIENCE
Entry Topical Term
001 - CONTROL NUMBER
- control field: 65564
003 - CONTROL NUMBER IDENTIFIER
- control field: NUST
005 - DATE AND TIME OF LATEST TRANSACTION
- control field: 20210628203442.0
008 - FIXED-LENGTH DATA ELEMENTS
- fixed length control field: 210628|| aca||aabn | a|a d
040 ## - CATALOGING SOURCE
- Original cataloging agency: NUST
- Transcribing agency: NUST
150 ## - HEADING--TOPICAL TERM
- Topical term or geographic name entry element: EXPLORING THE LIFE, EARTH AND PHYSICAL SCIENCE
670 ## - SOURCE DATA FOUND
- Source citation: Work cat.: (NUST): Glencoe, National Geographic Society 65563, Science voyages, exploring the life, earth and physical science, 2005
